<?xml version="1.0" encoding="UTF-8"?>
<record
    xmlns:xsi="http://www.w3.org/2001/XMLSchema-instance"
    xsi:schemaLocation="http://www.loc.gov/MARC21/slim http://www.loc.gov/standards/marcxml/schema/MARC21slim.xsd"
    xmlns="http://www.loc.gov/MARC21/slim">

  <leader>00946nam a2200229 a 4500</leader>
  <controlfield tag="001">40626</controlfield>
  <controlfield tag="003">BD-RjUL</controlfield>
  <controlfield tag="005">20211209053244.0</controlfield>
  <controlfield tag="008">160507s2008    bg ||||| |||| 00| 0 ben d</controlfield>
  <datafield tag="020" ind1=" " ind2=" ">
    <subfield code="a">9879644393419</subfield>
    <subfield code="c">: Tk. 50.00</subfield>
  </datafield>
  <datafield tag="035" ind1=" " ind2=" ">
    <subfield code="a">(BD-RjUL) 40741</subfield>
  </datafield>
  <datafield tag="040" ind1=" " ind2=" ">
    <subfield code="a">BD-RjUL</subfield>
    <subfield code="b">ben</subfield>
    <subfield code="c">BD-RjUL</subfield>
  </datafield>
  <datafield tag="041" ind1=" " ind2=" ">
    <subfield code="a">ben</subfield>
  </datafield>
  <datafield tag="082" ind1=" " ind2=" ">
    <subfield code="2">23</subfield>
    <subfield code="a">955.092</subfield>
    <subfield code="b">KHA 2008</subfield>
  </datafield>
  <datafield tag="100" ind1=" " ind2=" ">
    <subfield code="a">&#x996;&#x9CB;&#x9AE;&#x9C7;&#x987;&#x9A8;&#x9C0; </subfield>
    <subfield code="9">125019</subfield>
  </datafield>
  <datafield tag="245" ind1="1" ind2="0">
    <subfield code="a">&#x986;&#x9B2;&#x9CB;&#x9B0; &#x9AA;&#x9A5;&#x9C7; :</subfield>
    <subfield code="b">&#x987;&#x9AE;&#x9BE;&#x9AE; &#x996;&#x9CB;&#x9AE;&#x9C7;&#x987;&#x9A8;&#x9C0; (&#x9B0;&#x9B9;)-&#x98F;&#x9B0; &#x986;&#x9A7;&#x9CD;&#x9AF;&#x9BE;&#x9A4;&#x9CD;&#x9AE;&#x9BF;&#x995; &#x993; &#x9B0;&#x9BE;&#x99C;&#x9A8;&#x9C8;&#x9A4;&#x9BF;&#x995; &#x985;&#x9B8;&#x9BF;&#x9AF;&#x9BC;&#x9A4;&#x9A8;&#x9BE;&#x9AE;&#x9BE; / </subfield>
    <subfield code="c">&#x996;&#x9CB;&#x9AE;&#x9C7;&#x987;&#x9A8;&#x9C0; </subfield>
  </datafield>
  <datafield tag="260" ind1=" " ind2=" ">
    <subfield code="a">&#x9A2;&#x9BE;&#x995;&#x9BE; : </subfield>
    <subfield code="b">&#x986;&#x9B2; &#x9B9;&#x9C1;&#x9A6;&#x9BE; &#x986;&#x9A8;&#x9CD;&#x9A4;&#x9B0;&#x9CD;&#x99C;&#x9BE;&#x9A4;&#x9BF;&#x995; &#x9AA;&#x9CD;&#x9B0;&#x995;&#x9BE;&#x9B6;&#x9A8;&#x9BE; &#x9B8;&#x982;&#x9B8;&#x9CD;&#x9A5;&#x9BE;, </subfield>
    <subfield code="c">&#x9E8;&#x9E6;&#x9E6;&#x9EE;</subfield>
  </datafield>
  <datafield tag="300" ind1=" " ind2=" ">
    <subfield code="a">&#x9EF;&#x9EC; &#x9AA;&#x9C3;. ;</subfield>
    <subfield code="c">&#x9E8;&#x9E7; &#x9B8;&#x9C7;&#x9AE;&#x9BF;. </subfield>
  </datafield>
  <datafield tag="600" ind1=" " ind2=" ">
    <subfield code="a">&#x996;&#x9CB;&#x9AE;&#x9C7;&#x987;&#x9A8;&#x9C0; (&#x9B0;&#x9B9;)</subfield>
    <subfield code="c">&#x987;&#x9AE;&#x9BE;&#x9AE; </subfield>
    <subfield code="9">125026</subfield>
  </datafield>
  <datafield tag="600" ind1=" " ind2=" ">
    <subfield code="a">Khomeini (R.A)</subfield>
    <subfield code="c">Imam</subfield>
    <subfield code="9">125027</subfield>
  </datafield>
  <datafield tag="942" ind1=" " ind2=" ">
    <subfield code="2">ddc</subfield>
    <subfield code="c">BK</subfield>
  </datafield>
  <datafield tag="999" ind1=" " ind2=" ">
    <subfield code="c">40626</subfield>
    <subfield code="d">40626</subfield>
  </datafield>
  <datafield tag="952" ind1=" " ind2=" ">
    <subfield code="0">0</subfield>
    <subfield code="1">0</subfield>
    <subfield code="2">ddc</subfield>
    <subfield code="4">0</subfield>
    <subfield code="7">0</subfield>
    <subfield code="8">NFIC</subfield>
    <subfield code="a">RUCL</subfield>
    <subfield code="b">RUCL</subfield>
    <subfield code="c">Stack</subfield>
    <subfield code="d">2008-08-16</subfield>
    <subfield code="e">Iran embassy, Dhaka</subfield>
    <subfield code="l">0</subfield>
    <subfield code="o">B 955.092 KHA 2008</subfield>
    <subfield code="r">2016-05-07 00:00:00</subfield>
    <subfield code="t">C-2</subfield>
    <subfield code="w">2016-05-07</subfield>
    <subfield code="y">BK</subfield>
  </datafield>
  <datafield tag="952" ind1=" " ind2=" ">
    <subfield code="0">0</subfield>
    <subfield code="1">0</subfield>
    <subfield code="2">ddc</subfield>
    <subfield code="4">0</subfield>
    <subfield code="7">1</subfield>
    <subfield code="8">NFIC</subfield>
    <subfield code="a">RUCL</subfield>
    <subfield code="b">RUCL</subfield>
    <subfield code="c">Reading</subfield>
    <subfield code="d">2008-08-16</subfield>
    <subfield code="e">Iran dUtabas, Dhaka</subfield>
    <subfield code="l">0</subfield>
    <subfield code="o">B 955.092 KHA 2008</subfield>
    <subfield code="r">2016-12-05 00:00:00</subfield>
    <subfield code="t">C-1</subfield>
    <subfield code="w">2016-12-05</subfield>
    <subfield code="y">BK</subfield>
  </datafield>
</record>
